|
|
|
|
| LEADER |
00000nam0a2200000 4500 |
| 001 |
155906 |
| 005 |
20231031152834.0 |
| 035 |
|
|
|a (RuTPU)RU\TPU\book\169094
|
| 090 |
|
|
|a 155906
|
| 100 |
|
|
|a 20090320d1952 m y0rusy50 ca
|
| 101 |
0 |
|
|a rus
|
| 102 |
|
|
|a RU
|
| 105 |
|
|
|a a z 000zy
|
| 200 |
1 |
|
|a Возникновение и развитие растительного мира
|f П. А. Баранов
|
| 210 |
|
|
|a Москва
|c Воениздат
|d 1952
|
| 215 |
|
|
|a 87 с.
|c ил.
|
| 225 |
1 |
|
|a Научно-популярная библиотека солдата
|
| 610 |
1 |
|
|a растительность
|
| 610 |
1 |
|
|a растительный мир
|
| 610 |
1 |
|
|a возникновение
|
| 610 |
1 |
|
|a развитие
|
| 610 |
1 |
|
|a водоросли
|
| 675 |
|
|
|a 581.1
|v 3
|
| 700 |
|
1 |
|a Баранов
|b П. А.
|
| 801 |
|
1 |
|a RU
|b 63413507
|c 20090320
|g PSBO
|
| 801 |
|
2 |
|a RU
|b 63413507
|c 20090602
|g PSBO
|
| 942 |
|
|
|c BK
|